Logo BPK

Biblioteka

Politechniki Koszalińskiej

Vycislitelnye metody vyssej matematikiT.1 / (Rekord nr 14497)

Szczegóły MARC
000 -ETYKIETA REKORDU
podpole kontrolne o stałej długości 00413nam a2200157 i 4500
001 - NUMER KONTROLNY REKORDU
pole kontrolne bg
040 ## - ŹRÓDŁO KATALOGOWANIA
Instytucja, która utworzyła rekord BPK
041 ## - KOD JĘZYKA
Kod języka tekstu pol
008 - POLE O STAŁEJ DŁUGOŚCI - DANE KONTROLNE
podpole kontrolne o stałej długości s pl f |000 0 pol
100 1# - NAZWA OSOBOWA
Nazwa osobowa KRYLOV, W. J.
245 #0 - TYTUŁ/ODPOWIEDZIALNOŚĆ
Tytuł Vycislitelnye metody vyssej matematikiT.1 /
Pozostałe elementy strefy tytułu i oznaczenia odpowiedzialności W.J. Krylow, W.W. Bobkow, P.J. Monastyrnyj.
260 ## - STREFA ADRESU WYDAWNICZEGO
Miejsce wydania Minsk,
Data publikacji, dystrybucji/powstania dokumentu 1972.
700 1# - HASŁO DODATKOWE - NAZWA OSOBOWA
Nazwa osobowa BOBKOWV, W. W.
700 1# - HASŁO DODATKOWE - NAZWA OSOBOWA
Nazwa osobowa MONASTYRNYJ, P. J.
856 ## - LOKALIZACJA I DOSTĘP DO ELEKTRONICZNYCH DOKUMENTÓW ZDALNYCH
Link (URL) http://koha.tu.koszalin.pl/cgi-bin/koha/opac-detail.pl?biblionumber=14497
Tekst linku Katalog online BPK
942 ## - DODATKOWE ELEMENTY (KOHA)
Typ dokumentu Książka
Egzemplarze
Wycofany Status egzemplarza Uszkodzony Dostępność Lokalizacja stała Lokalizacja bieżąca Miejsce przechowywania Sygnatura Kod kreskowy Typ dokumentu
      Dostępny Biblioteka Politechniki Koszalińskiej Biblioteka Politechniki Koszalińskiej Wypożyczalnia BG 14154 01721096 Książka
© 2023 Biblioteka Politechniki Koszalińskiej :: KOHA